Statystyki dla Kluby 2 liga - 2023/24

Kliknij tutaj aby rozwiązać quiz!

Ogólne statystyki

  • Ten quiz został rozwiązany 81 razy
  • Średni wynik to 12 z 18

Statystyki odpowiedzi

L.pKlub% Poprawnych
5Stomil Olsztyn
84%
11Lech II Poznań
80%
4Kotwica Kołobrzeg
78%
3Sandecja Nowy Sącz
77%
7KKS Kalisz
75%
12Hutnik Kraków
71%
15ŁKS II Łódź
70%
17Polonia Bytom
68%
18Stal Stalowa Wola
68%
14Zagłębie II Lubin
68%
9Olimpia Elbląg
67%
2Chojniczanka Chojnice
65%
8Pogoń Siedlce
64%
6Wisła Puławy
64%
13Radunia Stężyca
62%
1Skra Częstochowa
62%
10GKS Jastrzębie
61%
16Olimpia Grudziądz
58%

Rozkład punktacji

Percentyl według liczby udzielonych odpowiedzi

Procent ludzi z każdym wynikiem

Twoja historia wyników

Nie rozwiązałeś tego quizu